| 000 | 01196nam a2200325 i 4500 | ||
|---|---|---|---|
| 001 | bg | ||
| 100 | 1 | _aZAMORSKA, Justyna | |
| 245 | 1 | 0 |
_aWybrane zagadnienia biotechnologii środowiskowej / _cJustyna Zamorska, Dorota Papciak. |
| 250 | _aWyd. 2 ze zm. | ||
| 260 |
_aRzeszów : _bOficyna Wydawnicza Politechniki Rzeszowskiej, _c2004. |
||
| 300 |
_a135 s. : _brys. ; _c24 cm. |
||
| 504 | _aBibliogr. s. 129-135. | ||
| 521 | _aDla studentów Wydziału Budownictwa i Inżynierii Środowiska do przedmiotu wybrane zagadnienia z biologii sanitarnej i biotechnologii. | ||
| 650 | 9 | _aBioreaktory | |
| 650 | 9 |
_aBiotechnologia _xstosowanie _xgospodarka komunalna |
|
| 650 | 9 | _aInżynieria środowiska | |
| 650 | 9 | _aOczyszczalnia ścieków | |
| 650 | 9 |
_aUzdatnianie wody _xmetody |
|
| 655 | _aPodręczniki akademickie | ||
| 700 | 1 | _aPAPCIAK, Dorota | |
| 015 | _aPB 1480/2005 | ||
| 020 | _a8371991835 | ||
| 040 | _cBPK | ||
| 041 | 0 | _apol | |
| 080 | _a628.1:628.3:579.6](075.8) | ||
| 920 | _a83-7199-183-5 | ||
| 942 | _cKS | ||
| 008 | s pl f |000 0 pol | ||
| 999 |
_c46771 _d46771 |
||
| 856 |
_uhttp://koha.tu.koszalin.pl/cgi-bin/koha/opac-detail.pl?biblionumber=46771 _yKatalog online BPK |
||